000 00890cam a2200205 4500
001 WB3816-11
008 020430n2002 000 0 eng u
035 _a(Sirsi) u117785
245 _aResearch for HCR inspections
260 _c2002
490 _aNegotiator
_v17(5) 26 April 2002, 8(1)
520 _aThe Awarding Body for the Built Environment (ABBE) is undertaking DTLR funded research into how the new qualification for Home Condition Inspectors - a Vocationally Related Qualification (VRQ) - could be assessed. The qualification will be required if the Seller's Pack legislation goes ahead in its current form and introduces Home Condition Reports.
590 _aWB
650 _aSELLERS INFORMATION PACKS
650 _aHOME CONDITION INSPECTORS
650 _aQUALIFICATIONS
650 _aHOME CONDITION REPORTS
690 _aCAREERS, EDUCATION AND TRAINING
942 _n0
999 _c70135
_d70135